Eastern Utah Libraries Catalog: Duchesne, Heber, Roosevelt, & Vernal

The real simple method to organizing every room / (Record no. 311680)

MARC details
000 -LEADER
fixed length control field 01755nam a22003015i 4500
005 - DATE AND TIME OF LATEST TRANSACTION
control field 20200320212900.0
008 - FIXED-LENGTH DATA ELEMENTS--GENERAL INFORMATION
fixed length control field 180412s2018 alu 000 0 eng
020 ## - INTERNATIONAL STANDARD BOOK NUMBER
International Standard Book Number 9780848756772
040 ## - CATALOGING SOURCE
Original cataloging agency DLC
Language of cataloging eng
Description conventions rda
Transcribing agency DLC
Modifying agency CTMM
082 00 - DEWEY DECIMAL CLASSIFICATION NUMBER
Classification number 648/.8
Edition number 22
245 04 - TITLE STATEMENT
Title The real simple method to organizing every room /
Statement of responsibility, etc Oxmore House.
264 #1 - Production, Publication, Distribution, Manufacture, and Copyright Notice.
Place of production, publication, distribution, manufacture Birmingham, AL :
Name of producer, publisher, distributor, manufacturer Oxmoor House,
Date of production, publication, distribution, manufacture, or copyr 2018.
264 #2 - Production, Publication, Distribution, Manufacture, and Copyright Notice.
Place of production, publication, distribution, manufacture Old Saybrook, Connecticut :
Name of producer, publisher, distributor, manufacturer www.micromarketing.org
300 ## - PHYSICAL DESCRIPTION
Extent pages cm
336 ## - Content Type
Content type term text
337 ## - Media type
Media type term unmediated
338 ## - Carrier type
Carrier type term volume
500 ## - GENERAL NOTE
General note [Typographic symbols and accents removed for systems compatibility.]
520 ## - SUMMARY, ETC.
Summary, etc "Rein in the chaos and regain control of your space. Whether you live in a small space or a large one, Real Simple has the best why-didn't-I-think-of-that advice for creating--and keeping--an easy, stylish, organized home. This practical and inspiring handbook covers everything from how to pare down to cleaning in way less time; from savvy storage solutions to apps that make organizing a snap; from handy checklists and cheat sheets to the most useful products. Organize Every Room is a clutter-busting, timesaving, space-maximizing road map to simplifying your life and creating a happier home."--
-- Provided by publisher.
588 ## -
-- Title and description based on researched data; resource not viewed.
650 #0 - SUBJECT ADDED ENTRY--TOPICAL TERM
Topical term or geographic name as entry element Storage in the home.
9 (RLIN) 5978467
650 #0 - SUBJECT ADDED ENTRY--TOPICAL TERM
Topical term or geographic name as entry element House cleaning.
9 (RLIN) 5978468
650 #0 - SUBJECT ADDED ENTRY--TOPICAL TERM
Topical term or geographic name as entry element Storage in the home.
9 (RLIN) 5978467
942 ## - ADDED ENTRY ELEMENTS (KOHA)
Koha item type BOOK
948 ## - LOCAL PROCESSING INFORMATION (OCLC); SERIES PART DESIGNATOR (RLIN)
Series part designator, SPT (RLIN) 09/18/2018
z (OCLC) Sirsi
949 ## - LOCAL PROCESSING INFORMATION (OCLC)
n www.MicroMarketing.org 800-229-9887
996 ## -
-- 154047
-- 34301001560301
-- NF
-- bk
-- wcl
-- i
-- 9
-- 26.99
-- micro
-- 648 Rea
-- 09/18/2018
-- 08/05/2019
-- 06/26/2019
Holdings
Withdrawn status Lost status Source of classification or shelving scheme Damaged status Not for loan Collection code Home library Current library Shelving location Date acquired Source of acquisition Cost, normal purchase price Total Checkouts Total Renewals Full call number Barcode Date last seen Date checked out Cost, replacement price Price effective from Koha item type
    Dewey Decimal Classification     General NonFiction Wasatch County Library Wasatch County Library Second Floor 09/18/2018   26.99 20 6 648 Rea 34301001560301 01/29/2026 12/12/2024 26.99 03/20/2020 BOOK
This project was made possible through a grant from the Institute of Museum and Library Service administered by the Utah State Library Division.

Wasatch County Library

  • 465 East 1200 South, Heber City, Utah 84032
  • Phone 435-654-1511 | Fax 435-654-6456

Hours

  • Monday - Friday 9:30 AM - 8:00 PM
  • Saturday 9:30 AM - 1:30 PM
  • Closed Sundays and Holidays